[Event "Markdorf op"]
[Site "Markdorf"]
[Date "2004.05.22"]
[Round "5"]
[White "Kraemer, Markus"]
[Black "Rothmund, Achim"]
[Result "1-0"]
[WhiteElo "1897"]
[BlackElo "1856"]
[PlyCount "71"]
[EventDate "2004.05.20"]
[EventType "swiss"]
[EventRounds "7"]
[EventCountry "GER"]
[SourceTitle "EXT 2007"]
[Source "ChessBase"]
[SourceDate "2006.11.23"]
[SourceVersion "1"]
[SourceVersionDate "2006.11.23"]
[SourceQuality "1"]

1. Nc3 d5 2. e4 e6 3. d3 c5 4. g3 Nf6 5. Bg2 Nc6 6. Bd2 Be7 7. Nf3 0-0 8. 0-0 d4 9. Ne2 b5 10. a4 Qb6 11. axb5 Qxb5 12. b3 Bb7 13. Be1 a5 14. Nd2 a4 15. bxa4 Rxa4 16. Rb1 Qa6 17. Nc4 Rd8 18. Rb6 Qa7 19. Qb1 Nb4 20. Qb3 Rd7 21. Nf4 Rc7 22. Bxb4 Rxb4 23. Rxb4 cxb4 24. Ne2 Rc8 25. h3 Ra8 26. Rb1 Qc5 27. f4 Rc8 28. e5 Bxg2 29. exf6 Qc6 30. Ne5 Qb7 31. fxe7 Bxh3 32. Kf2 Qg2+ 33. Ke1 f6 34. g4 Kh8 35. Qxe6 Qf1+ 36. Kd2 1-0